La transition à l’âge adulte au prisme d’une recherche par les pairs (notice n° 1598830)

détails MARC
000 -LEADER
fixed length control field 02211cam a2200325 4500500
005 - DATE AND TIME OF LATEST TRANSACTION
control field 20251228080754.0
041 ## - LANGUAGE CODE
Language code of text/sound track or separate title fre
042 ## - AUTHENTICATION CODE
Authentication code dc
100 10 - MAIN ENTRY--PERSONAL NAME
Personal name Robin, Pierrine
Relator term author
245 00 - TITLE STATEMENT
Title La transition à l’âge adulte au prisme d’une recherche par les pairs
260 ## - PUBLICATION, DISTRIBUTION, ETC.
Date of publication, distribution, etc. 2015.<br/>
500 ## - GENERAL NOTE
General note 23
520 ## - SUMMARY, ETC.
Summary, etc. Cet article s’intéresse à la transition à l’âge adulte des jeunes sortant de la protection de l’enfance. À partir d’une recherche par les pairs, la spécificité de la trajectoire à l’âge adulte des jeunes sortant des dispositifs est explorée. Ces jeunes sont confrontés à un processus accéléré et compressé de transition à l’âge adulte, mais également à un ajustement identitaire important devant les multiples transitions auxquelles ils font face simultanément. Dans ce processus de transition et d’hybridation, ils peuvent ressentir un sentiment de solitude important.
520 ## - SUMMARY, ETC.
Summary, etc. This article discusses the transition to adulthood of young people leaving child protection services. Results from a study by peer group members enable the authors to explore the specificities of their trajectories towards adulthood. They are confronted by an accelerated process and compressed transition to the age of adulthood and to a necessary adjustment of their identity due to the multiple transitions that all take place at the same time. In this process of transition and hybridization, they may be faced with strong feelings of loneliness.
690 ## - LOCAL SUBJECT ADDED ENTRY--TOPICAL TERM (OCLC, RLIN)
Topical term or geographic name as entry element ajustement identitaire
690 ## - LOCAL SUBJECT ADDED ENTRY--TOPICAL TERM (OCLC, RLIN)
Topical term or geographic name as entry element hybridation
690 ## - LOCAL SUBJECT ADDED ENTRY--TOPICAL TERM (OCLC, RLIN)
Topical term or geographic name as entry element métamorphoses
690 ## - LOCAL SUBJECT ADDED ENTRY--TOPICAL TERM (OCLC, RLIN)
Topical term or geographic name as entry element processus compressé de transition à l’âge adulte
690 ## - LOCAL SUBJECT ADDED ENTRY--TOPICAL TERM (OCLC, RLIN)
Topical term or geographic name as entry element recherche par les pairs
690 ## - LOCAL SUBJECT ADDED ENTRY--TOPICAL TERM (OCLC, RLIN)
Topical term or geographic name as entry element adjustment of identity
690 ## - LOCAL SUBJECT ADDED ENTRY--TOPICAL TERM (OCLC, RLIN)
Topical term or geographic name as entry element compressed process of transition to adulthood
690 ## - LOCAL SUBJECT ADDED ENTRY--TOPICAL TERM (OCLC, RLIN)
Topical term or geographic name as entry element hybridization
690 ## - LOCAL SUBJECT ADDED ENTRY--TOPICAL TERM (OCLC, RLIN)
Topical term or geographic name as entry element metamorphosis
690 ## - LOCAL SUBJECT ADDED ENTRY--TOPICAL TERM (OCLC, RLIN)
Topical term or geographic name as entry element peer group research
700 10 - ADDED ENTRY--PERSONAL NAME
Personal name Mackiewicz, Marie-Pierre
Relator term author
700 10 - ADDED ENTRY--PERSONAL NAME
Personal name Goussault, Bénédicte
Relator term author
700 10 - ADDED ENTRY--PERSONAL NAME
Personal name Delcroix, Sylvie
Relator term author
786 0# - DATA SOURCE ENTRY
Note Vie sociale | 12 | 4 | 2015-11-24 | p. 71-88 | 0042-5605
856 41 - ELECTRONIC LOCATION AND ACCESS
Uniform Resource Identifier <a href="https://shs.cairn.info/revue-vie-sociale-2015-4-page-71?lang=fr&redirect-ssocas=7080">https://shs.cairn.info/revue-vie-sociale-2015-4-page-71?lang=fr&redirect-ssocas=7080</a>

Pas d'exemplaire disponible.

PLUDOC

PLUDOC est la plateforme unique et centralisée de gestion des bibliothèques physiques et numériques de Guinée administré par le CEDUST. Elle est la plus grande base de données de ressources documentaires pour les Étudiants, Enseignants chercheurs et Chercheurs de Guinée.

Adresse

627 919 101/664 919 101

25 boulevard du commerce
Kaloum, Conakry, Guinée

Réseaux sociaux

Powered by Netsen Group @ 2025